000 00353nam a2200133Ia 4500
008 210716s1992 xx 000 0 und d
041 _aeng
082 _a382.9143 MALS
100 _aMalley, Shaun F O.
245 _aDoing business in the United states.
260 _aU S A
_bPrice waterhouse
_c1992
300 _a321
650 _aInternational Business
999 _c198411
_d198411